Generous me / (Record no. 358282)
[ view plain ]
| 000 -LEADER | |
|---|---|
| fixed length control field | 00681nam a2200277Ia 4500 |
| 008 - FIXED-LENGTH DATA ELEMENTS--GENERAL INFORMATION | |
| fixed length control field | 180803s9999 xx 000 0 und d |
| 020 ## - INTERNATIONAL STANDARD BOOK NUMBER | |
| International Standard Book Number | 9780531266526 |
| 050 ## - LIBRARY OF CONGRESS CALL NUMBER | |
| Item number | P362 2011 |
| 100 ## - MAIN ENTRY--PERSONAL NAME | |
| Personal name | Pearson, Mary E. |
| 245 #0 - TITLE STATEMENT | |
| Title | Generous me / |
| 245 #0 - TITLE STATEMENT | |
| Statement of responsibility, etc | by Mary E. Pearson ; illustrated by Gary Krejca. |
| 260 ## - PUBLICATION, DISTRIBUTION, ETC. (IMPRINT) | |
| Place of publication, distribution, etc | New York, New York : |
| 260 ## - PUBLICATION, DISTRIBUTION, ETC. (IMPRINT) | |
| Name of publisher, distributor, etc | Children's Press, |
| 260 ## - PUBLICATION, DISTRIBUTION, ETC. (IMPRINT) | |
| Date of publication, distribution, etc | 2011 |
| 300 ## - PHYSICAL DESCRIPTION | |
| Extent | 40 pages : |
| 300 ## - PHYSICAL DESCRIPTION | |
| Other physical details | colored ; |
| 300 ## - PHYSICAL DESCRIPTION | |
| Dimensions | 17cm. |
| 440 ## - SERIES STATEMENT/ADDED ENTRY--TITLE | |
| Title | Rookie ready to learn. |
| 500 ## - GENERAL NOTE | |
| General note | 270 |
| 650 ## - SUBJECT ADDED ENTRY--TOPICAL TERM | |
| Topical term or geographic name as entry element | Sharing. |
| 650 ## - SUBJECT ADDED ENTRY--TOPICAL TERM | |
| Topical term or geographic name as entry element | Sisters. |
| 650 ## - SUBJECT ADDED ENTRY--TOPICAL TERM | |
| Topical term or geographic name as entry element | Stories in rhyme. |
| 700 ## - ADDED ENTRY--PERSONAL NAME | |
| Personal name | Krejca, Gary. |
| 700 ## - ADDED ENTRY--PERSONAL NAME | |
| Personal name | Series. |
| 700 ## - ADDED ENTRY--PERSONAL NAME | |
| Personal name | Title. |
| Withdrawn status | Lost status | Damaged status | Home library | Current library | Shelving location | Date acquired | Cost, normal purchase price | Total Checkouts | Full call number | Barcode | Date last seen | Price effective from | Koha item type |
|---|---|---|---|---|---|---|---|---|---|---|---|---|---|
| Stonyhurst Southville International School (Malarayat) | Stonyhurst Southville International School (Malarayat) | 08/03/2018 | 0.00 | LEX P362 2011 | SSISM5560 | 08/03/2018 | 08/03/2018 | Lexile |